państwa według rankingu FIFA - Statystyki

Ogólne statystyki
  • Ten quiz został rozwiązany 47 razy
  • Średni wynik to 8 z 10
Statystyki odpowiedzi
odpowiedź % Poprawnych
Argentyna 1 miejsce w rankingu
98%
Brazylia 5 miejsce w rankingu
98%
Francja 2 miejsce w rankingu
96%
Hiszpania 8 miejsce w rankingu
91%
Belgia 4 miejsce w rankingu
89%
Anglia 3 miejsce w rankingu
80%
Holandia 6 miejsce w rankingu
80%
Włochy 9 miejsce w rankingu
78%
Portugalia 7 miejsce w rankingu
73%
Chorwacja 10 miejsce w rankingu
62%
Nie znaleziono quizów pasujących do podanych kryteriów
Rozkład punktacji
Procent ludzi z każdym wynikiem
Percentyl według liczby udzielonych odpowiedzi
Twoja historia wyników
Nie rozwiązałeś tego quizu